Iskolaszövetkezeti munkavégzés Magyarországon

Bibliographic Details
Main Author: Horváth Alexandra
Other Authors: Krajcsák Dr. Zoltán
Format: Project work
Kulcsszavak:Iskolaszövetkezet
diákmunka
munkaerőpiac
Online Access:http://dolgozattar.uni-bge.hu/11074

MARC

LEADER 00000nnm a2200000 i 4500
001 dolg11074
005 20170511094821.0
008 170511suuuu hu o 000 hun d
040 |a BGE Dolgozattár Repozitórium  |b hun 
041 |a hu 
100 1 |a Horváth Alexandra 
245 1 0 |a Iskolaszövetkezeti munkavégzés Magyarországon  |c Horváth Alexandra  |h [elektronikus dokumentum] 
246 1 1 |a Iskolaszövetkezeti munkavégzés Magyarországon 
516 |a Project_work 
695 |a Iskolaszövetkezet 
695 |a diákmunka 
695 |a munkaerőpiac 
700 1 |a Krajcsák Dr. Zoltán  |e ths 
856 4 0 |u http://dolgozattar.uni-bge.hu/11074/1/GC7BLB_zarodolgozat.pdf  |z Dokumentum-elérés